La Despesa no obligatòria dels ajuntaments de Catalunya : exercici 2000 / Maite Vilalta, coordinadora, Daniel Mas ; Institut d'Economia de Barcelona exercici 2000 / Maite Vilalta, coordinadora, Daniel Mas ; Institut d'Economia de Barcelona
Descripción Física:
80 p. : gràfics, quadres ; 30 cm
Colección:
Papers de polítiques territorials ; 4
Materias:
Despeses públiques -- Catalunya
MARC
| LEADER | 00000nam a2200000Ia 4500 | ||
|---|---|---|---|
| 001 | 15837 | ||
| 008 | 160829s2003 xx 000 0 cat d | ||
| 080 | |a M-4-336 | ||
| 245 | |a La Despesa no obligatòria dels ajuntaments de Catalunya : |b exercici 2000 / Maite Vilalta, coordinadora, Daniel Mas ; Institut d'Economia de Barcelona | ||
| 260 | |a Barcelona : |b Oficina de la Xarxa de Barcelona, Municipis de Qualitat, |c 2003 | ||
| 300 | |a 80 p. : |b gràfics, quadres ; |c 30 cm | ||
| 490 | |a Papers de polítiques territorials ; 4 | ||
| 650 | 0 | |a Despeses públiques |z Catalunya |9 31492 | |
| 700 | |a Vilalta, Maite |9 10386 | ||
| 700 | |a Mas, Daniel |9 1011 | ||
| 700 | |a Institut d'Economia de Barcelona |9 18829 | ||
| 901 | |a Arxiu | ||
| 942 | |n 1 | ||
| 952 | |0 0 |1 0 |4 0 |6 M4336 |7 1 |9 47626 |a Arxiu |b Arxiu |d 2016-12-01 |l 0 |o M-4-336 |p 15837 |r 2016-12-01 00:00:00 |w 2016-12-01 |y ARXIU | ||
| 999 | |c 51425 |d 51425 | ||